Fundamentos para el cálculo y diseño de estructuras metálicas de acero laminado
Salvato in:
| Autore principale: | |
|---|---|
| Natura: | Libro |
| Lingua: | spagnolo |
| Pubblicazione: |
Madrid
McGraw Hill
1998
|
| Serie: | Colección Manuales McGraw Hill de Ingenería y Ciencia
|
| Soggetti: | |
| Tags: |
Aggiungi Tag
Nessun Tag, puoi essere il primo ad aggiungerne!!
|
MARC
| LEADER | 00000nam a2200000 a 4500 | ||
|---|---|---|---|
| 001 | UCP0513 | ||
| 003 | CL-VaPUC | ||
| 008 | 990313e19980000SP |||||||||||||||||spa|d | ||
| 020 | |a 8448113365 | ||
| 020 | |a 8448113373v.1 | ||
| 020 | |a 8448113381v.2 | ||
| 020 | |a 844811339Xv.3 | ||
| 082 | 0 | 4 | |a 620.17 |b MAR |2 21 |
| 100 | |a Marco García, Jaime |e autor |9 425832 | ||
| 245 | 1 | 0 | |a Fundamentos para el cálculo y diseño de estructuras metálicas de acero laminado |
| 246 | 1 | 0 | |a Comportamiento del material y esfuerzos básicos. Aplicados al Eurocódigo 3, normas AISC, normativa española EA95 |
| 300 | |a 3 v | ||
| 942 | |c BK | ||
| 945 | |d 19990313 00:00:00 |a aarredon | ||
| 260 | |a Madrid |b McGraw Hill |c 1998 | ||
| 500 | |a Incluye diskette | ||
| 650 | 0 | |a Estructuras metálicas |9 265870 | |
| 650 | 0 | |a Materiales de construcción |9 260197 | |
| 650 | 0 | |a Aceros |9 260685 | |
| 650 | 0 | |a Resistencia de materiales |9 260095 | |
| 650 | 0 | |a Torsión |9 266757 | |
| 650 | 0 | |a Cálculo |9 260234 | |
| 583 | |a last modification |c 20140410 08:19:31 |k Rodrigo Vera | ||
| 490 | 0 | |a Colección Manuales McGraw Hill de Ingenería y Ciencia | |
| 999 | |c 279286 |d 279284 | ||
| 952 | |0 0 |1 0 |4 0 |6 620_170000000000000_MAR_1998 |7 0 |8 A |9 318294 |a BIBMEC |b BIBMEC |d 2019-11-20 |h v.2 |i 3496384 |o 620.17 MAR 1998 |p 3496384 |r 2024-01-19 |w 2019-11-20 |y BK |k MEC | ||
| 952 | |0 0 |1 0 |4 0 |6 620_170000000000000_MAR_1998 |7 0 |8 A |9 318295 |a BIBMEC |b BIBMEC |d 2019-11-20 |h v.3 |i 3496392 |o 620.17 MAR 1998 |p 3496392 |r 2024-01-19 |w 2019-11-20 |y BK |k MEC | ||
| 952 | |0 0 |1 0 |4 0 |6 620_170000000000000_MAR_1998 |7 0 |8 A |9 318299 |a BIBMEC |b BIBMEC |d 2019-11-20 |h v.1 |i 3578437 |o 620.17 MAR 1998 |p 3578437 |r 2024-01-19 |w 2019-11-20 |y BK |k MEC | ||
| 952 | |0 0 |1 0 |4 0 |6 620_170000000000000_MAR_1998 |7 0 |8 A |9 318302 |a BIBING |b BIBING |d 2019-11-20 |h v.1 |i 4433653 |o 620.17 MAR 1998 |p 4433653 |r 2025-01-20 |w 2019-11-20 |y BK |k CIC | ||
| 952 | |0 0 |1 0 |4 0 |6 620_170000000000000_MAR_1998 |7 0 |8 A |9 318303 |a BIBING |b BIBING |d 2019-11-20 |h v.2 |i 4433661 |o 620.17 MAR 1998 |p 4433661 |r 2025-01-20 |w 2019-11-20 |y BK |k CIC | ||
| 952 | |0 0 |1 0 |4 0 |6 620_170000000000000_MAR_1998 |7 0 |8 A |9 318304 |a BIBING |b BIBING |d 2019-11-20 |h v.3 |i 443367K |o 620.17 MAR 1998 |p 443367K |r 2025-01-20 |w 2019-11-20 |y BK |k CIC | ||